00609cam a2200193 a 4500008004100000020002200041100002000063245009500083260004100178300003900219504004100258500002000299650002700319700002100346700002100367003000100388005001700389040000900406  a0073526975 (hbk.)1 aNoreen, Eric W.10aManagerial accounting for managers /cEric W. Noreen, Peter C. Brewer and Ray H. Garrison. aBoston :bMcGraw-Hill Irwin,cc2008. axxvi, 646 p. :bcol ill. ;c29 cm. aIncludes bibliographical references. aIncludes index. 0aManagerial accounting.1 aBrewer, Peter C.1 aGarrison, Ray H.20230120133832.0 cNUST